Cómo ejercer una ciudadanía digital responsable /

La aparición de las redes sociales ha implicado un cambio cualitativo en la manera en que se relacionan las personas, lo que ha generado, también, nuevos retos en la convivencia ciudadana. El problema surge cuando asumimos esta nueva forma de convivencia sin las herramientas suficientes para ejerce...

Cur síos iomlán

Sábháilte in:
Sonraí bibleagrafaíochta
Príomhchruthaitheoir: Castro Avila, Mariela
Formáid: LEABHAR
Teanga:Spanish
Foilsithe / Cruthaithe: San José, Costa Rica: Editorial del Instituto de Formación y Estudios en Democracia del Tribunal Supremo de Elecciones, 2021
Sraith:Serie Para Entender N° 12
Ábhair:
Rochtain ar líne:https://www.tse.go.cr/pdf/publicaciones/Las-obligaciones-de-reportes-financieros-de-los-partidos-pol%C3%ADticos.pdf
Clibeanna: Cuir clib leis
Níl clibeanna ann, Bí ar an gcéad duine le clib a chur leis an taifead seo!

MARC

LEADER 00000nam a22000007a 4500
003 cru CIDCACS/IIS
005 20231016083119.0
008 200304t2021 cr |||||r|||||||| ||spa|d
040 |c cru CIDCACS/IIS  |a cru CIDCACS/IIS 
090 |a 04.04.02 C355c 
100 1 |a Castro Avila, Mariela  |9 4462 
245 1 |a Cómo ejercer una ciudadanía digital responsable /  |c Mariela Castro Ávila 
260 |a San José, Costa Rica:  |b Editorial del Instituto de Formación y Estudios en Democracia del Tribunal Supremo de Elecciones,  |c 2021 
300 |a 26páginas 
440 |9 9106  |a Serie Para Entender  |v N° 12 
520 3 |a La aparición de las redes sociales ha implicado un cambio cualitativo en la manera en que se relacionan las personas, lo que ha generado, también, nuevos retos en la convivencia ciudadana. El problema surge cuando asumimos esta nueva forma de convivencia sin las herramientas suficientes para ejercer una ciudadanía digital responsable, basada en principios y valores democráticos, lo cual frecuentemente se traduce en prácticas como la desinformación, la difamación y la agresión, que socavan el acuerdo social. 
650 0 0 |9 414  |a CIUDADANIA 
650 0 0 |9 83  |a DEMOCRACIA 
650 0 0 |9 6776  |a REDES SOCIALES 
651 0 |9 32  |a COSTA RICA 
856 4 |u https://www.tse.go.cr/pdf/publicaciones/Las-obligaciones-de-reportes-financieros-de-los-partidos-pol%C3%ADticos.pdf 
942 |2 z  |c LI  |h 04.04.02 C355c  |i 23104  |6 040402_C355C_23104 
999 |c 44330  |d 44330